| 000 | 01595cam a2200241 4500500 | ||
|---|---|---|---|
| 005 | 20260322005607.0 | ||
| 041 | _afre | ||
| 042 | _adc | ||
| 100 | 1 | 0 |
_aLaval, Virginie _eauthor |
| 700 | 1 | 0 |
_aLe Sourn-Bissaoui, Sandrine _eauthor |
| 700 | 1 | 0 |
_aGirard, Pauline _eauthor |
| 700 | 1 | 0 |
_aChevreuil, Claire _eauthor |
| 700 | 1 | 0 |
_aAguert, Marc _eauthor |
| 245 | 0 | 0 | _aEmotional Prosody and Understanding of Expressive Language Acts with Children and Adolescents with Autism Spectrum Disorders |
| 260 | _c2012. | ||
| 500 | _a63 | ||
| 520 | _aThe objective of this research is to study the role of emotional prosody in expressive language acts understanding by children and adolescents with Autism Spectrum Disorders. Twenty-six children and adolescents with ASD and twenty-six typically developing controls performed a computerized task featuring emotional prosody, either embedded in a discrepant context or without any context at all. The experimental task was to determine the emotional state of the speaker. When the prosody was embedded in a discrepant context, they relied less on the emotional prosody than the controls, but only when it was positive. We discuss these findings with respect to executive and inferential deficits presents in ASD. | ||
| 690 | _aAutism Spectrum Disorders | ||
| 690 | _acontext | ||
| 690 | _aemotional prosody | ||
| 786 | 0 | _nRevue française de linguistique appliquée | XVII | 2 | 2012-12-01 | p. 77-88 | 1386-1204 | |
| 856 | 4 | 1 | _uhttps://shs.cairn.info/journal-revue-francaise-de-linguistique-appliquee-2012-2-page-77?lang=en&redirect-ssocas=7080 |
| 999 |
_c1749759 _d1749758 |
||